000 00573nam a2200229Ia 4500
003 OSt
005 20221005121531.0
006 a|||||r|||| 00| 0
007 ta
008 221004b |||||||| |||| 00| 0 eng d
024 _a21222
037 _bGift, 10/07/2015,
_cTextual
040 _aCRL
_cCRL
_beng
041 _2eng
_aeng
082 _aV79162.N, 123P0
245 0 _aHistoria del Peru
260 _c2000
300 _a1232p.
_ccm.
650 _aHISTORY
942 _hV79162.N, 123P0
_cTEXL
_2cc
999 _c1041447
_d1041447